Sports Quiz

Random Sports or World Cup Quiz
Score 0/38 Timer 01:30
0 Plays Today
% Correct
Belgium
94.1%
England
93%
Italy
93%
France
93%
Germany
92.5%
Netherlands (Holland)
92.3%
Sweden
92.3%
Russia
92%
Spain
92%
West Germany
92%
Portugal
92%
Denmark
92%
Czech Republic
91.1%
Poland
91.1%
Turkey
90.8%
Greece
90.1%
Switzerland
90.1%
Austria
89.9%
Croatia
89.9%
% Correct
Scotland
89%
Romania
88.5%
Hungary
88%
Norway
87.6%
Republic of Ireland
87.6%
East Germany
87.1%
Czechoslovakia
86.4%
Ukraine
86.4%
USSR
86.2%
Bulgaria
85.9%
Yugoslavia
85.2%
Slovakia
84.3%
Wales
82.4%
Serbia
81.7%
Northern Ireland
80.8%
Bosnia and Herzegovina
78.4%
Slovenia
77.2%
Serbia and Montenegro
74.4%
Iceland
35.7%
Come Together.
Have Fun.
All Virtual.
We all need to come together. Play Sporcle's virtual live trivia to have fun, connect with people, and get your trivia on. Join a live hosted trivia game for your favorite pub trivia experience done virtually. If a virtual private party is more your thing, go here for details.

You're not logged in!

Compare scores with friends on all Sporcle quizzes.
OR
Log In

Sporcle TV

Today on Sporcle TV


Watch our educational content, quiz creation guides, and fun videos on Sporcle TV.

Show Comments

Extras

Top Quizzes Today


Score Distribution

Paid Content

Your Account Isn't Verified!

In order to create a playlist on Sporcle, you need to verify the email address you used during registration. Go to your Sporcle Settings to finish the process.

Report this User

Report this user for behavior that violates our Community Guidelines.

Details: